| 000 | 00917 a2200217 4500 | ||
|---|---|---|---|
| 003 | Nust | ||
| 005 | 20221208124403.0 | ||
| 010 | _a 92044411 | ||
| 020 | _a0070342288 : | ||
| 040 | _cNust | ||
| 082 | 0 | 0 | _a621.382,KER |
| 100 | 1 |
_aKershenbaum, Aaron. _978332 |
|
| 245 | 1 | 0 |
_aTelecommunications network design algorithms / _cAaron Kershenbaum. |
| 260 |
_aNew York : _bMcGraw-Hill, _cc1993. |
||
| 300 |
_axvi, 368 p. : _bill. ; _c25 cm. |
||
| 490 | 1 | _aMcGraw-Hill in computer science series | |
| 505 | _aIntroduction (Page-1), Analysis of Loss and Delay (Page-43), Modeling Networks as Graphs (Page-111), Fundamentals Graph Algorithms (Page-139), Centralized Network Design (Page-179), Routing (Page-246), Mesh Topology Optimization (Page-281), Network Reliability (Page-330).. | ||
| 650 | 0 |
_aTelecommunications engineering. _958485 |
|
| 830 | 0 |
_aMcGraw-Hill series in computer science. _955540 |
|
| 942 |
_2ddc _cBK |
||
| 999 |
_c182545 _d182545 |
||